Marcatori della Juventus in UEFA Europa League 2022-2023 - Statistics

Statistiche generali
  • Questo quiz è stato fatto 78 volte
  • Il punteggio medio è 10 su 11
Statistiche sulle risposte
Partita Minuto Marcatore % Corretto
Juventus - Nantes 1-1 13' Dušan Vlahović
100%
Friburgo - Juventus 0-2 45' Dušan Vlahović
100%
Siviglia - Juventus 2-1 (d.t.s.) 65' Dušan Vlahović
100%
Nantes - Juventus 0-3 5' Ángel Di María
94%
Nantes - Juventus 0-3 20' Ángel Di María
94%
Nantes - Juventus 0-3 78' Ángel Di María
94%
Juventus - Friburgo 1-0 53' Ángel Di María
94%
Friburgo - Juventus 0-2 95' Federico Chiesa
87%
Juventus - Sporting Lisbona 1-0 73' Federico Gatti
77%
Juventus - Siviglia 1-1 97' Federico Gatti
77%
Sporting Lisbona - Juventus 1-1 9' Adrien Rabiot
71%
Nessun quiz corrispondente trovato
Distribuzione punteggi
Percentuale di utenti per punteggio
Percentile per numero di risposta
I tuoi punteggi nel tempo
Non hai fatto questo quiz